| 000 | 01187nam a2200277Ia 4500 | ||
|---|---|---|---|
| 003 | CO-CtgCURN | ||
| 005 | 20250407221020.0 | ||
| 008 | 190722s9999 xx 000 0 und d | ||
| 020 | _a9587014553 | ||
| 040 |
_aCO-CtgCURN _bspa _ccoctgcurn _erda |
||
| 082 |
_a338.91 _bI61 |
||
| 245 | 0 |
_aIntegración regional : _bfronteras y globalización / _ceditor., Carlos Martínez Becerra |
|
| 260 |
_aBogotá, Colombia : _bUniversidad Nacional de Colombia, _c2004 |
||
| 300 |
_a491 páginas ; _c24 centímetros |
||
| 336 | _2rdacontent | ||
| 337 | _2rdamedia | ||
| 338 | _2rdacarrier | ||
| 500 | _aIncluye índice | ||
| 505 | _aCap.1. Derecho a la transferencia de tecnología. Cap.2. Obstáculos y rupturas. Cap.3. Seguridad nacional -- Cap.4. Librecambio y geopolítica -- Cap.5. Limitación a las migraciones y problemas fronterizos -- Cap.6. La condicionalidad del liberalismo económico. | ||
| 521 | _aAREA SOCIOHUMANISTICA | ||
| 590 | _aTodos los programas académicos | ||
| 650 |
_aProduccion _98764 |
||
| 700 |
_aMartínez Becerra, Carlos _eeditor _98765 |
||
| 942 |
_cBK _h338.91 _iI61 _2ddc _n0 |
||
| 999 |
_c28018 _d28018 |
||